Service Management Operations Strategy Information Technology (Record no. 41438)

MARC details
000 -LEADER
fixed length control field 00371nam a2200133Ia 4500
008 - FIXED-LENGTH DATA ELEMENTS--GENERAL INFORMATION
fixed length control field 240719s9999 xx 000 0 und d
041 ## - LANGUAGE CODE
Language code of text/sound track or separate title eng
082 ## - DEWEY DECIMAL CLASSIFICATION NUMBER
Classification number 658 FIT
100 ## - MAIN ENTRY--PERSONAL NAME
Personal name Fitzsimmons, A. James
245 ## - TITLE STATEMENT
Title Service Management Operations Strategy Information Technology
260 ## - PUBLICATION, DISTRIBUTION, ETC.
Place of publication, distribution, etc. Haryana
Name of publisher, distributor, etc. McGraw-Hill
Date of publication, distribution, etc. 2018
300 ## - PHYSICAL DESCRIPTION
Extent 524.; P. 28 cm
520 ## - SUMMARY, ETC.
Summary, etc. IMT Faculty
Holdings
Withdrawn status Lost status Damaged status Not for loan Home library Current library Shelving location Date acquired Full call number Barcode Date last seen Price effective from Koha item type
        IMTN IMTN Rack 22-B 12/08/2023 658 FIT 33133 07/19/2024 07/19/2024 Books
Designed & Maintained by: LRC IMT Nagpur Contact: lrc@imtnag.ac.in© 2024. All Rights Reserved.